25 Plus grandes villes (agglomérations) des Pays-Bas et de Belgique - Statistiques

Statistiques générales
  • Ce quiz a été pris 102 fois
  • Le résultat moyen est 12 sur 25
Réponses sur la Carte
Les réponses sont colorées sur une échelle allant du rouge au vert en fonction du pourcentage des utilisateurs qui les ont devinées à leur premier essai. Vous pouvez retrouver ces pourcentages ci-dessous.
 
Statistiques - réponses
Pays Ville Population % Correct
Niderlandy Amsterdam 1,1 million
99%
Niderlandy Rotterdam 870 mille
98%
Belgia Bruxelles 2 million
97%
Belgia Liege 550 mille
91%
Belgia Anvers / Antwerpen 990 mille
88%
Niderlandy La Haye 850 mille
79%
Belgia Charleroi 360 mille
71%
Niderlandy Eindhoven 320 mille
71%
Belgia Gand 430 mille
70%
Niderlandy Utrecht 400 mille
65%
Belgia Mons / Bergen 210 mille
51%
Niderlandy Groningue 220 mille
48%
Belgia Kortrijk / Courtrai 220 mille
42%
Belgia Leuven / Louvain 170 mille
40%
Niderlandy Breda 155 mille
33%
Belgia Hasselt 170 mille
28%
Niderlandy Haarlem 210 mille
22%
Niderlandy Nimègue 160 mille
20%
Niderlandy Tilbourg 220 mille
16%
Niderlandy Bois-le-Duc 165 mille
10%
Niderlandy Almere 190 mille
9%
Niderlandy Dordrecht 220 mille
8%
Niderlandy Leiden 270 mille
5%
Niderlandy Amersfoort 155 mille
2%
Niderlandy Heerlen 170 mille
1%
Aucun quiz correspondant
Distribution des résultats
% des personnes avec chaque résultat
Percentile par nombre de réponses
Votre historique - résultats
Vous n’avez pas pris ce quiz